A propósito de la experiencia del PROFAC en experiencias de planificación local participativa /
Na minha lista:
| Autor principal: | |
|---|---|
| Formato: | Texto |
| Assuntos: | |
| Tags: |
Adicionar Tag
Sem tags, seja o primeiro a adicionar uma tag!
|
MARC
| LEADER | 00000 a a2200000 04500 | ||
|---|---|---|---|
| 001 | 4198 | ||
| 003 | |||
| 040 | |||
| 090 | |a REV0229 (115) 2000 | ||
| 100 | |a Valverde Rojas, José Manuel | ||
| 245 | |a A propósito de la experiencia del PROFAC en experiencias de planificación local participativa / |c José Manuel Valverde Rojas | ||
| 650 | |a PLANO LOCAL | ||
| 650 | |a DESARROLLO LOCAL | ||
| 650 | |a PLANIFICACION DEL DESARROLLO | ||
| 650 | |a PLANIFICACION | ||
| 773 | |g número 115; páginas 28-31 | ||
| 999 | |c 26157 |d 26157 | ||
